000 00190nam a2200085Ia 4500
008 170524s9999 xx 000 0 und d
100 _aKhurmi R S
245 2 _aA T b of machin design
260 _bS Chand
260 _c2013
999 _c4992
_d4992